Päivitetty: Tangokuningattaret - Statistics

Yleistilastot
  • Tätä visaa on pelattu 75 kertaa
    50 viimeisimmän päivityksen jälkeen
  • Keskiarvotulos 11 / 33
Vastaustilastot
Vuosi Tangokuningatar % Oikein
1989 Arja Koriseva
100%
1996 Saija Varjus
76%
1995 Marita Taavitsainen
72%
1991 Kaija Pohjola
69%
1987 Arja Sipola
59%
1992 Eija Kantola
59%
1994 Tiina Räsänen
55%
2003 Saija Tuupanen
52%
2016 Erika Vikman
48%
1998 Kirsi Ranto
45%
2013 Heidi Pakarinen
38%
1990 Jaana Lammi
38%
2000 Mira Kunnasluoto
38%
1988 Kirsi Rissanen
34%
2001 Mira Sunnari
31%
1999 Taina Kokkonen
31%
2006 Elina Vettenranta
28%
2007 Jenna Bågeberg
28%
2002 Johanna Pakonen
28%
1993 Merja Raski
28%
2011 Mervi Koponen
24%
2008 Hanna Talikainen
21%
1997 Niina Päivänurmi
21%
2004 Johanna Debreczeni
17%
2015 Susanna Heikki
17%
2017 Aino Niemi
14%
2005 Kati Fors
14%
2014 Maria Tyyster
14%
2019 Pirita Niemenmaa
14%
2023 Charlotta Saari
7%
2018 Saana Sassali
7%
2022 Heta Halonen
0%
2024 Miia Laitinen
0%
Ehtoja vastaavia visoja ei löytynyt
Tulosjakauma
Jokaisen tuloksen saaneiden osuus
Persentiili vastausten määrän mukaan
Tuloshistoriasi
Et ole pelannut tätä visaa sen viimeisimmän päivityksen jälkeen